Normal view
MARC view
- Indígenas de México
Entry Materia
001 - NÚMERO DE CONTROL DEL REGISTRO
- campo de control: 27009
003 - IDENTIFICADOR DE NUMERO DE CONTROL
- campo de control: MX-MxUPN
005 - FECHA Y HORA DE LA ÚLTIMA TRANSACCIÓN
- campo de control: 20230922123224.0
008 - DATOS DE LONGITUD FIJA
- campo de control de longitud fija: 230920dn fnnnnbaba a ana |d
035 ## - NÚMERO DE CONTROL DEL SISTEMA
- Número de control del sistema: UPN10000027018
040 ## - FUENTE DE LA CATALOGACIÓN
- Lengua de catalogación: spa
- Centro catalogador de origen: MX-MxUPN
150 ## - ENCABEZAMIENTO - TEMÁTICO
- Término de materia o nombre geográfico como elemento inicial: Indígenas de México
- Subdivisión geográfica: Estado de México
- Subdivisión de materia general: Lenguas
450 ## - VÉASE - MATERIA
- Encabezamiento temático: Indios de México
- Subdivisión temática general: Lenguas
- Subdivisión geográfica: Estado de México
670 ## - FUENTE EN LA QUE SE LOCALIZARON DATOS
- Cita de la fuente: E
902 ## - CATALOGADOR
- Catalogador: MCM/100799
- Catalogador: VíctorGodínez/200923
